| 000 | 00462nam a2200181Ia 4500 | ||
|---|---|---|---|
| 001 | 22772 | ||
| 005 | 20260414150853.0 | ||
| 008 | 260414t9999||||xx |||||||||||||| ||spa|| | ||
| 041 | _aESP | ||
| 082 |
_a621.81 _bC235 |
||
| 100 |
_aCembranos Nistral, F. Jesús _eAUT |
||
| 245 | 0 |
_aAutomatismos eléctricos neumáticos e hidráulicos _b |
|
| 260 | _c0 | ||
| 300 |
_axi, 173 páginas : _c30 cm. |
||
| 650 | _aTCA | ||
| 654 | _aCET | ||
| 942 |
_cLIB _dJUS _fJUS _2ddc _n |
||
| 999 |
_c22772 _d22772 |
||